Opolskie - prawda czy fałsz? - Statystyki

Ogólne statystyki
  • Ten quiz został rozwiązany 131 razy
    125 od ostatniego zresetowania
  • Średni wynik to 12 z 15
Statystyki odpowiedzi
Zagadnienie Odpowiedź % Poprawnych
Tablice rejestracyjne samochodów zaczynają się na literę A Fałsz
100%
Przebiega tutaj autostrada A4 Prawda
100%
Drugim największym miastem województwa jest Wałbrzych Fałsz
98%
Płynie tutaj Wisła Fałsz
98%
Jest najmniejszym Polskim województwem pod względem powierzchni Prawda
91%
Posiada klub w Ekstraklasie Fałsz
89%
Graniczy z 2 państwami Fałsz
89%
Jest najmniej ludnym województwem Prawda
86%
Posiada park narodowy Fałsz
77%
Urodził się Tutaj Miroslaw Klose Prawda
75%
Nie znajduje się tutaj park narodowy Prawda
75%
Opolski to największy powiat w województwie Prawda
66%
Posiada najmniej powiatów z województw Prawda
64%
Posiada najmniejszą stolicę z województw w Polsce pod względem ludności Fałsz
41%
Andrzej Buła jest marszałkiem województwa Fałsz
25%
Nie znaleziono quizów pasujących do podanych kryteriów
Rozkład punktacji
Procent ludzi z każdym wynikiem
Percentyl według liczby udzielonych odpowiedzi
Twoja historia wyników
Nie rozwiązałeś tego quizu od ostatniego zresetowania